| 000 | 00471nam a2200145Ia 4500 | ||
|---|---|---|---|
| 008 | 231129s2007||||xx |||||||||||||| ||spa|| | ||
| 020 | _a958-9091-61-X | ||
| 040 | _bspa | ||
| 082 | _a923.58 B689p | ||
| 100 | _aPerú de Lacroix Luis | ||
| 245 | 0 | _aDiario de Bucaramanga: Vida pública y privada del libertador Simón Bolívar | |
| 260 | _c2007 | ||
| 264 | _aFundación para la Investigación y la Cultura FICA | ||
| 942 |
_2ddc _cBKS |
||
| 999 |
_c9204 _d9204 |
||